Tooti hui bikhri hui (Record no. 3979)

MARC details
000 -LEADER
fixed length control field 00421nam a22001817a 4500
003 - CONTROL NUMBER IDENTIFIER
control field OSt
005 - DATE AND TIME OF LATEST TRANSACTION
control field 20260402141109.0
008 - FIXED-LENGTH DATA ELEMENTS--GENERAL INFORMATION
fixed length control field 260402b |||||||| |||| 00| 0 eng d
020 ## - INTERNATIONAL STANDARD BOOK NUMBER
International Standard Book Number 9789392820793
082 ## - DEWEY DECIMAL CLASSIFICATION NUMBER
Classification number 8H1.4337
Item number KAUT
100 ## - MAIN ENTRY--PERSONAL NAME
Personal name Kaul, Manav
245 ## - TITLE STATEMENT
Title Tooti hui bikhri hui
260 ## - PUBLICATION, DISTRIBUTION, ETC.
Place of publication, distribution, etc. New Delhi
Name of publisher, distributor, etc. Hind Yugm
Date of publication, distribution, etc. 2025
300 ## - PHYSICAL DESCRIPTION
Extent 252p
546 ## - LANGUAGE NOTE
Language note Hindi
650 ## - SUBJECT ADDED ENTRY--TOPICAL TERM
Topical term or geographic name entry element Hindi Literature
942 ## - ADDED ENTRY ELEMENTS (KOHA)
Source of classification or shelving scheme Dewey Decimal Classification
Koha item type Book
Holdings
Withdrawn status Lost status Source of classification or shelving scheme Damaged status Not for loan Collection code Home library Current library Shelving location Date acquired Source of acquisition Cost, normal purchase price Inventory number Total Checkouts Full call number Barcode Date last seen Price effective from Koha item type
    Dewey Decimal Classification     Fiction RIC Library RIC Library Fiction 04/02/2026 M/s Dinkar Pustakalay 299.00 1921/ 22.03.2026   8H1.4337 KAUT 003256 04/02/2026 04/02/2026 Book

Venue

Rajasthan International Centre
Sansthan Path,JLN Marg, Jaipur- 302017
Phone: +91-7230904025